000 00768nam a2200169 4500
999 _c16471
_d16471
008 220207b ||||| |||| 00| 0 eng d
022 _a0893-8989
082 _aDPer 363.205 P75 Sept 2013-May 2016 v. 37 & 40, n. 9-11/1-5
100 _aSchlosser, Michael.
_943871
245 _aGaining compliance with targeted pressure:
_bactivating certain sensitive areas of a suspect's body can help you overcome active resistance or even stop an attack/
_cMichael Schlosser and Dallas Schlosser.
260 _aCalifornia:
_bBobit Business Media,
_c©Sept 2013-May 2016.
300 _av40 n5, pages 62-66;
_billustrations:
_c27 cm.
500 _aPolice: the law enforcement.
650 _aLaw enforcement.
_943834
700 _aSchlosser, D.
_eAuthor.
_943941
942 _2ddc
_cPER